Contemporary perspectives in e-learning research : themes, methods and impact on practice

Αποθηκεύτηκε σε:
Λεπτομέρειες βιβλιογραφικής εγγραφής
Άλλοι συγγραφείς: Conole, Grainne (Επιμελητής έκδοσης), Oliver, Martin 1973- (Επιμελητής έκδοσης)
Μορφή: Βιβλίο
Γλώσσα:English
Δημοσίευση: London ; New York : Routledge, [2007]
Σειρά:Open & flexible learning series
Θέματα:
Ετικέτες: Προσθήκη ετικέτας
Δεν υπάρχουν, Καταχωρήστε ετικέτα πρώτοι!

MARC

LEADER 00000nam a2200000 i 4500
001 1/83023
008 080417s2007 eng d
020 |a 978-0-415-39394-2 
020 |a 0-415-39394-9 
035 |l 10096820 
040 |a GR-MY-UA  |b gre  |e aacr 
041 0 |a eng 
082 0 |a 378.17344678  |2 (22) 
245 1 0 |a Contemporary perspectives in e-learning research :  |b themes, methods and impact on practice /  |c edited by Grainne Conole and Martin Oliver 
260 |a London ; New York :   |b Routledge,   |c [2007] 
300 |a xvii, 263 σ.;  |c 23 εκ. 
490 1 |a Open & flexible learning series 
504 |a Βιββλιογραφία: σ. [224]-254. Ευρετήριο 
650 0 0 |a Education, Higher  |x Computer-assisted instruction  |x Research  |z Great Britain. 
650 0 0 |a Education, Higher  |x Effect of technological innovations on  |z Great Britain. 
700 1 |a Conole, Grainne.  |4 edt 
700 1 |a Oliver, Martin  |d 1973-  |4 edt 
830 0 |a Open & flexible learning series 
852 |a INST  |b RHODES  |e 20080417  |h 378.17344678 CON  |p 005400029288  |q 005400029288  |t BK  |y 0 
901 |a BIBL4-2008-1 
909 |a Ρ  |b 152336 
922 |a 4ΕΛΗ  |b 200803  |c ΕΠΕΑΕΚ2/ΤΕΠΑΕΣ  |d ΕΛΕΥΘΕΡΟΥΔΑΚΗΣ 
970 |a ΧΑΡΙΟΠΟΛΙΤΟΥ  |b ΚΩΝΣΤΑΝΤΙΝΑ  |z 2008/04/17